| 000 | 00359nam a2200145Ia 4500 | ||
|---|---|---|---|
| 005 | 20250616003613.0 | ||
| 008 | 240331s9999 xx 000 0 und d | ||
| 082 |
_bWIJ _a305 |
||
| 100 | _aWijesinghe, P.R.H | ||
| 245 | 0 | _aHadihuniam saha samaja peraliya | |
| 260 |
_aNugegoda _bDeepani _c1976 |
||
| 300 | _a146 p ., | ||
| 650 | _aSocial Survey - 2 | ||
| 942 | _cL | ||
| 999 |
_c2063 _d2063 |
||